[Event "Aut_chT1112"]
[Site "Jenbach"]
[Date "2012.04.19"]
[Round "8"]
[Board "1"]
[White "Lenic, Luka"]
[Black "Baramidze, David"]
[Result "1/2-1/2"]
[WhiteElo "2637"]
[BlackElo "2612"]
[PlyCount "76"]
[EventDate "2012.01.20"]
[EventType "team"]
[EventRounds "11"]
[EventCountry "AUT"]
[WhiteTeam "SV Raika Rapid Feffernitz"]
[BlackTeam "SK Hohenems"]

1. c4 e6 2. Nf3 Nf6 3. e3 b6 4. d4 Bb7 5. Nc3 Bb4 6. Bd3 c5 7. O-O O-O 8. Na4
cxd4 9. exd4 Be7 10. a3 d6 11. b4 Nbd7 12. Re1 Re8 13. Nc3 Rc8 14. Bb2 a6 15.
Bf1 Rc7 16. Nd2 Qa8 17. a4 d5 18. c5 a5 19. cxb6 Nxb6 20. Nb5 Rcc8 21. bxa5 Nc4
22. Bc3 Nxa5 23. Qb1 Nc4 24. Qb3 Na5 25. Qb1 Nc4 26. Bb4 Qb8 27. Bxe7 Nxd2 28.
Qb2 Nfe4 29. Bd6 Nxd6 30. Qxd2 Nc4 31. Qb4 Ba6 32. Rec1 Bxb5 33. Qxb5 Qxb5 34.
axb5 Kf8 35. Bxc4 Rxc4 36. Rxc4 dxc4 37. Rc1 Rb8 38. Rxc4 Rxb5 1/2-1/2

[Event "Aut_chT1112"]
[Site "Jenbach"]
[Date "2012.04.19"]
[Round "8"]
[Board "2"]
[White "Rozentalis, Eduardas"]
[Black "Sebenik, Matej"]
[Result "1/2-1/2"]
[WhiteElo "2601"]
[BlackElo "2529"]
[PlyCount "105"]
[EventDate "2012.01.20"]
[EventType "team"]
[EventRounds "11"]
[EventCountry "AUT"]
[WhiteTeam "SK Hohenems"]
[BlackTeam "SV Raika Rapid Feffernitz"]

1. e4 c5 2. c3 Nf6 3. e5 Nd5 4. Nf3 Nc6 5. Bc4 Nb6 6. Bb3 d5 7. exd6 Qxd6 8. d4
cxd4 9. Nxd4 Bd7 10. O-O e6 11. Be3 Nxd4 12. Bxd4 Bc6 13. Nd2 O-O-O 14. Qh5 Qc7
15. Nf3 Nd5 16. Ne5 Be8 17. Nd3 Kb8 18. Rad1 f6 19. Qe2 Bb5 20. Bxd5 exd5 21.
Qe3 b6 22. Rfe1 Bd6 23. h3 Rhe8 24. Qf3 Qc4 25. Rxe8 Rxe8 26. Nc1 Re4 27. b3
Qc6 28. a4 Ba6 29. Nd3 Qe8 30. Be3 Bb7 31. Qf5 Qg6 32. Qxg6 hxg6 33. Bd4 Ba6
34. Nb4 Bxb4 35. cxb4 Re2 36. b5 Bc8 37. g4 g5 38. Kg2 Re4 39. Kf1 Kb7 40. f3
Re7 41. Kf2 Bd7 42. Kg3 Be8 43. h4 gxh4+ 44. Kxh4 Bg6 45. Rc1 Re2 46. Rc6 Be8
47. Rc3 Rh2+ 48. Kg3 Re2 49. Be3 Bg6 50. Bf4 Re7 51. Rc6 Be8 52. Rd6 Rd7 53.
Rxd7+ 1/2-1/2

[Event "Aut_chT1112"]
[Site "Jenbach"]
[Date "2012.04.19"]
[Round "8"]
[Board "3"]
[White "Okhotnik, Vladimir"]
[Black "Naumann, Alexander"]
[Result "1/2-1/2"]
[WhiteElo "2489"]
[BlackElo "2541"]
[PlyCount "47"]
[EventDate "2012.01.20"]
[EventType "team"]
[EventRounds "11"]
[EventCountry "AUT"]
[WhiteTeam "SV Raika Rapid Feffernitz"]
[BlackTeam "SK Hohenems"]

1. d4 Nf6 2. Nf3 d5 3. c4 e6 4. e3 a6 5. a3 dxc4 6. Bxc4 c5 7. O-O b5 8. Be2
Bb7 9. dxc5 Bxc5 10. Qxd8+ Kxd8 11. b4 Bd6 12. Bb2 Ke7 13. Nbd2 Rc8 14. Rfc1
Nbd7 15. Bd3 Rxc1+ 16. Rxc1 Rc8 17. Rxc8 Bxc8 18. Kf1 Bb7 19. Ke2 g6 20. g3 Ba8
21. Ba1 Bb7 22. Bb2 Ba8 23. Ba1 Bb7 24. Bb2 1/2-1/2

[Event "Aut_chT1112"]
[Site "Jenbach"]
[Date "2012.04.19"]
[Round "8"]
[Board "6"]
[White "Novkovic, Milan"]
[Black "Schreiner, Peter"]
[Result "0-1"]
[WhiteElo "2381"]
[BlackElo "2377"]
[PlyCount "82"]
[EventDate "2012.01.20"]
[EventType "team"]
[EventRounds "11"]
[EventCountry "AUT"]
[WhiteTeam "SK Hohenems"]
[BlackTeam "SV Raika Rapid Feffernitz"]

1. d4 Nf6 2. Nf3 g6 3. Nbd2 c5 4. dxc5 Qa5 5. a3 Qxc5 6. b4 Qc7 7. Bb2 Bg7 8.
e3 O-O 9. c4 b6 10. Be2 Bb7 11. O-O d6 12. Rc1 Nbd7 13. Qb3 Rac8 14. Nd4 Qb8
15. Bf3 Ne5 16. Bxb7 Qxb7 17. f4 Ned7 18. Qd3 d5 19. cxd5 Nxd5 20. Rxc8 Rxc8
21. e4 N5f6 22. e5 Nd5 23. Qe4 e6 24. Nb5 Rc6 25. Nf3 a6 26. Nd6 Rxd6 27. exd6
Bxb2 28. Ne5 N7f6 29. Qd3 Nxf4 30. Rxf4 Bxe5 31. Rc4 Nd5 32. Qc2 Bxd6 33. Rc8+
Kg7 34. Qb2+ e5 35. Rd8 Bc7 36. Re8 Qc6 37. Rc8 Qe6 38. Ra8 b5 39. Kh1 Qc6 40.
Rc8 Qd7 41. Ra8 Nb6 0-1

[Event "Aut_chT1112"]
[Site "Jenbach"]
[Date "2012.04.19"]
[Round "8"]
[Board "4"]
[White "Mazi, Leon"]
[Black "Bischoff, Klaus"]
[Result "0-1"]
[WhiteElo "2370"]
[BlackElo "2521"]
[PlyCount "80"]
[EventDate "2012.01.20"]
[EventType "team"]
[EventRounds "11"]
[EventCountry "AUT"]
[WhiteTeam "ASVOE Signum Druck St. Veit/Glan"]
[BlackTeam "SK Sparkasse Jenbach"]

1. e4 c5 2. Nf3 e6 3. d4 cxd4 4. Nxd4 a6 5. Nc3 Qc7 6. g3 Bb4 7. Bd2 Nf6 8. Qe2
Nc6 9. Nb3 Be7 10. f4 d6 11. g4 Nd7 12. O-O-O b5 13. Kb1 Nb6 14. a3 Nc4 15. Bc1
Bb7 16. Rg1 Bf6 17. Rg3 g6 18. g5 Bg7 19. f5 Be5 20. fxe6 fxe6 21. Rf3 Rf8 22.
Rxf8+ Kxf8 23. h4 Kg8 24. Bh3 Re8 25. Rd3 Bc8 26. h5 Bg7 27. Nd1 a5 28. hxg6
hxg6 29. Nf2 a4 30. Nd2 N4e5 31. Rc3 Rf8 32. Nd1 Qb7 33. Qh2 Bd7 34. Qg3 b4 35.
axb4 Qxb4 36. Ra3 Rb8 37. Bf1 Nd4 38. Qc3 Qb6 39. Nc4 Nxc4 40. Bxc4 Nb5 0-1

[Event "Aut_chT1112"]
[Site "Jenbach"]
[Date "2012.04.19"]
[Round "8"]
[Board "5"]
[White "Boensch, Uwe"]
[Black "Kuess, Mario"]
[Result "0-1"]
[WhiteElo "2530"]
[BlackElo "2106"]
[PlyCount "124"]
[EventDate "2012.01.20"]
[EventType "team"]
[EventRounds "11"]
[EventCountry "AUT"]
[WhiteTeam "SK Sparkasse Jenbach"]
[BlackTeam "ASVOE Signum Druck St. Veit/Glan"]

1. d4 f5 2. g3 Nf6 3. Bg2 d5 4. Nf3 e6 5. b3 Nc6 6. O-O Be7 7. c4 Ne4 8. Bb2
O-O 9. e3 Bd7 10. Nc3 Be8 11. Ne1 Bf7 12. Nd3 g5 13. Rc1 Nb4 14. Nxb4 Bxb4 15.
Nxe4 fxe4 16. f3 Bh5 17. g4 exf3 18. Rxf3 Bf7 19. Qe2 c6 20. e4 Qd7 21. c5 Rae8
22. Qe3 Qe7 23. Rcf1 Bg6 24. Rxf8+ Rxf8 25. exd5 Rxf1+ 26. Bxf1 cxd5 27. Bc1
Qf6 28. Qxg5 Qxd4+ 29. Be3 Qe4 30. h4 h6 31. Qxh6 Qxg4+ 32. Kh2 Be1 33. Qg5
Qxh4+ 34. Qxh4 Bxh4 35. b4 Bf6 36. b5 d4 37. Bd2 Be5+ 38. Kg1 Be8 39. a4 Bc7
40. Bg2 b6 41. cxb6 axb6 42. Be4 Kf7 43. Kf2 Kf6 44. Ke2 Bh5+ 45. Kd3 Ke5 46.
Bc6 Bg6+ 47. Kc4 Be4 48. Be8 Bg2 49. Bb4 Bf1+ 50. Kb3 Ke4 51. a5 bxa5 52. Bc5
Bb8 53. Bb6 e5 54. Bxa5 Ke3 55. Bd8 e4 56. b6 Ba6 57. Bc6 Kd3 58. Bc7 Bxc7 59.
bxc7 Bc8 60. Bb5+ Ke3 61. Be8 Be6+ 62. Kb2 Kd2 0-1

[Event "Aut_chT1112"]
[Site "Jenbach"]
[Date "2012.04.19"]
[Round "8"]
[Board "6"]
[White "Knapp, Friedrich"]
[Black "Lehner, Oliver"]
[Result "0-1"]
[WhiteElo "2035"]
[BlackElo "2453"]
[PlyCount "64"]
[EventDate "2012.01.20"]
[EventType "team"]
[EventRounds "11"]
[EventCountry "AUT"]
[WhiteTeam "ASVOE Signum Druck St. Veit/Glan"]
[BlackTeam "SK Sparkasse Jenbach"]

1. Nf3 c5 2. c3 Nf6 3. d4 e6 4. Bg5 h6 5. Bh4 cxd4 6. cxd4 Nc6 7. Nc3 Qb6 8.
Rb1 d5 9. e3 Bd7 10. a3 Ne4 11. Nxe4 dxe4 12. Nd2 Qa5 13. Bg3 e5 14. dxe5 Rd8
15. Qc1 Be6 16. Be2 Nb4 17. O-O Na2 18. Qe1 Qxd2 19. Bb5+ Ke7 20. f4 Qxe1 21.
Bxe1 f6 22. b3 Rc8 23. f5 Bd7 24. Bc4 b5 25. e6 bxc4 26. exd7 Kxd7 27. bxc4 Bc5
28. Bd2 Rb8 29. Rbd1 Kc6 30. Rf4 Rhe8 31. g4 Rbd8 32. Rff1 Rxd2 0-1

[Event "Aut_chT1112"]
[Site "Jenbach"]
[Date "2012.04.19"]
[Round "8"]
[Board "1"]
[White "Balogh, Csaba"]
[Black "Bromberger, Stefan"]
[Result "1-0"]
[WhiteElo "2664"]
[BlackElo "2513"]
[PlyCount "39"]
[EventDate "2012.01.20"]
[EventType "team"]
[EventRounds "11"]
[EventCountry "AUT"]
[WhiteTeam "SK Advisory Invest Baden"]
[BlackTeam "SIR Bernhard Glatz"]

1. e4 c6 2. d4 d5 3. e5 Bf5 4. h4 h5 5. c4 e6 6. Nc3 Be7 7. cxd5 cxd5 8. Bd3
Bxd3 9. Qxd3 Nc6 10. Nf3 Rc8 11. O-O Bxh4 12. Nb5 Be7 13. Bg5 f6 14. exf6 gxf6
15. Bf4 Kd7 16. Rfe1 Bb4 17. Re2 a6 18. a3 Bf8 19. Rae1 axb5 20. Rxe6 1-0

[Event "Aut_chT1112"]
[Site "Jenbach"]
[Date "2012.04.19"]
[Round "8"]
[Board "2"]
[White "Geske, Julian"]
[Black "Socko, Bartosz"]
[Result "0-1"]
[WhiteElo "2383"]
[BlackElo "2647"]
[PlyCount "58"]
[EventDate "2012.01.20"]
[EventType "team"]
[EventRounds "11"]
[EventCountry "AUT"]
[WhiteTeam "SIR Bernhard Glatz"]
[BlackTeam "SK Advisory Invest Baden"]

1. e4 e5 2. Nf3 Nc6 3. Bb5 a6 4. Ba4 Nf6 5. d3 d6 6. O-O g6 7. c3 Bg7 8. Re1 b5
9. Bc2 O-O 10. Nbd2 Re8 11. d4 Bb7 12. a3 Nb8 13. b4 Nbd7 14. Bb2 d5 15. exd5
exd4 16. Nxd4 Rxe1+ 17. Qxe1 Nb6 18. Nc6 Qd7 19. c4 Re8 20. Qd1 Nfxd5 21. Bxg7
Qxc6 22. cxd5 Qxd5 23. Ne4 Kxg7 24. Qxd5 Bxd5 25. Nc5 Ra8 26. Bd3 a5 27. Bxb5
axb4 28. a4 Ra5 29. Nd7 Rxb5 0-1

[Event "Aut_chT1112"]
[Site "Jenbach"]
[Date "2012.04.19"]
[Round "8"]
[Board "3"]
[White "Jankovic, Alojzije"]
[Black "Pitl, Gregory"]
[Result "1/2-1/2"]
[WhiteElo "2553"]
[BlackElo "2388"]
[PlyCount "98"]
[EventDate "2012.01.20"]
[EventType "team"]
[EventRounds "11"]
[EventCountry "AUT"]
[WhiteTeam "SK Advisory Invest Baden"]
[BlackTeam "SIR Bernhard Glatz"]

1. d4 Nf6 2. c4 e6 3. Nf3 Nc6 4. a3 d6 5. Nc3 g6 6. e4 Bg7 7. h3 O-O 8. Bg5 h6
9. Be3 e5 10. d5 Nd4 11. Nxd4 exd4 12. Bxd4 Nxe4 13. Nxe4 Qh4 14. Bxg7 Qxe4+
15. Qe2 Qxe2+ 16. Bxe2 Kxg7 17. Kd2 Bd7 18. f4 Rfe8 19. Rae1 Kf6 20. Bg4 Rxe1
21. Rxe1 Bxg4 22. hxg4 g5 23. f5 Rh8 24. Re3 h5 25. Rh3 h4 26. Re3 Rb8 27. Kc3
Rc8 28. b4 Rh8 29. Kb3 Rd8 30. Kc3 Rh8 31. a4 Rc8 32. a5 Rd8 33. Kd4 Rc8 34. c5
Rd8 35. Kc4 a6 36. c6 bxc6 37. dxc6 d5+ 38. Kd4 Rb8 39. Rb3 Rb5 40. Rb2 Ke7 41.
Ke5 f6+ 42. Kd4 Kd6 43. Kc3 Kxc6 44. Re2 d4+ 45. Kc4 d3 46. Re6+ Kd7 47. Re3
Kc6 48. Re6+ Kd7 49. Re3 Kc6 1/2-1/2

[Event "Aut_chT1112"]
[Site "Jenbach"]
[Date "2012.04.19"]
[Round "8"]
[Board "4"]
[White "Schramm, Christian"]
[Black "Shengelia, David"]
[Result "0-1"]
[WhiteElo "2371"]
[BlackElo "2558"]
[PlyCount "70"]
[EventDate "2012.01.20"]
[EventType "team"]
[EventRounds "11"]
[EventCountry "AUT"]
[WhiteTeam "SIR Bernhard Glatz"]
[BlackTeam "SK Advisory Invest Baden"]

1. e4 c5 2. Nf3 e6 3. d4 cxd4 4. Nxd4 a6 5. Bd3 Nf6 6. O-O e5 7. Ne2 Bc5 8. Nd2
Nc6 9. Ng3 d6 10. Nb3 Ba7 11. Be3 Bxe3 12. fxe3 Qb6 13. Qe2 Bg4 14. Qd2 Ne7 15.
h3 Be6 16. c4 h5 17. Nf5 Nxf5 18. exf5 Bd7 19. c5 dxc5 20. Qc3 Qd6 21. Rad1 Rc8
22. Bb5 Qc7 23. Bxd7+ Nxd7 24. Rxd7 Kxd7 25. f6 gxf6 26. Nd2 Qc6 27. Qc2 Rh6
28. Nc4 Kc7 29. e4 Rd8 30. Ne3 Rg6 31. b4 cxb4 32. Qb1 Qb6 33. Qb3 Rg3 34. Re1
Kb8 35. Kh2 h4 0-1

[Event "Aut_chT1112"]
[Site "Jenbach"]
[Date "2012.04.19"]
[Round "8"]
[Board "6"]
[White "Durakovic, Alman"]
[Black "Schneider, Veronika"]
[Result "0-1"]
[WhiteElo "2201"]
[BlackElo "2312"]
[PlyCount "134"]
[EventDate "2012.01.20"]
[EventType "team"]
[EventRounds "11"]
[EventCountry "AUT"]
[WhiteTeam "SIR Bernhard Glatz"]
[BlackTeam "SK Advisory Invest Baden"]

1. d4 Nf6 2. c4 g6 3. g3 Bg7 4. Bg2 d5 5. cxd5 Nxd5 6. Nf3 Nb6 7. O-O Nc6 8. e3
O-O 9. Nc3 Re8 10. Re1 e5 11. d5 Na5 12. e4 Bf8 13. b3 c6 14. Bb2 Bg4 15. h3
Bxf3 16. Qxf3 Qe7 17. Rad1 Rad8 18. Bf1 Nc8 19. dxc6 bxc6 20. Na4 Nb6 21. Nxb6
axb6 22. Qc3 Rc8 23. a3 Bg7 24. b4 Nb7 25. Bc4 Nd6 26. Bb3 Nb5 27. Qc4 Nd4 28.
Bxd4 exd4 29. e5 c5 30. e6 f5 31. bxc5 bxc5 32. Ba4 Red8 33. Bd7 Rc7 34. Rb1
Kh8 35. a4 Ra7 36. Rec1 Ra5 37. Rb5 Rxb5 38. Qxb5 Bf8 39. a5 Qd6 40. a6 f4 41.
Qc6 Qb8 42. Qf3 Be7 43. Ra1 Qb2 44. Ra4 fxg3 45. Qxg3 Qb1+ 46. Kg2 Rf8 47. Qe5+
Kg8 48. a7 Qb7+ 49. Kg1 Qb1+ 50. Kg2 Qb7+ 51. Kg1 Bh4 52. Qe1 Qf3 53. Ra2 Be7
54. Qe2 Qd5 55. Qa6 Qg5+ 56. Kf1 Qc1+ 57. Kg2 Qg5+ 58. Kf1 Qc1+ 59. Ke2 c4 60.
Rd2 Bb4 61. Qa2 Bxd2 62. Qxd2 Rxf2+ 63. Kxf2 Qxd2+ 64. Kf1 Qf4+ 65. Kg1 Qg3+
66. Kf1 Qf3+ 67. Kg1 Kf8 0-1

[Event "Aut_chT1112"]
[Site "Jenbach"]
[Date "2012.04.19"]
[Round "8"]
[Board "1"]
[White "Teske, Henrik"]
[Black "Polak, Tomas"]
[Result "1-0"]
[WhiteElo "2554"]
[BlackElo "2535"]
[PlyCount "59"]
[EventDate "2012.01.20"]
[EventType "team"]
[EventRounds "11"]
[EventCountry "AUT"]
[WhiteTeam "SpGem. Kufstein Woergl"]
[BlackTeam "SK Zwettl"]

1. Nf3 Nf6 2. c4 e6 3. Nc3 Bb4 4. g4 d6 5. g5 Bxc3 6. dxc3 Nfd7 7. Nd4 Nb6 8.
e4 Bd7 9. Be3 Qe7 10. a4 a5 11. Nb5 Bxb5 12. axb5 N8d7 13. b4 a4 14. h4 O-O 15.
f4 f5 16. exf5 exf5 17. Qd4 Rae8 18. Kf2 Qf7 19. Bg2 Ne5 20. fxe5 f4 21. Bc1
dxe5 22. Qe4 Nxc4 23. Qd5 e4 24. Bxe4 Rxe4 25. Qxe4 Re8 26. Qd4 Ne3 27. Rxa4
Ng4+ 28. Kg2 Re2+ 29. Kf1 Rf2+ 30. Qxf2 1-0

[Event "Aut_chT1112"]
[Site "Jenbach"]
[Date "2012.04.19"]
[Round "8"]
[Board "2"]
[White "Likavsky, Tomas"]
[Black "Zelbel, Patrick"]
[Result "1/2-1/2"]
[WhiteElo "2486"]
[BlackElo "2379"]
[PlyCount "62"]
[EventDate "2012.01.20"]
[EventType "team"]
[EventRounds "11"]
[EventCountry "AUT"]
[WhiteTeam "SK Zwettl"]
[BlackTeam "SpGem. Kufstein Woergl"]

1. d4 Nf6 2. c4 g6 3. Nc3 Bg7 4. e4 d6 5. Nf3 O-O 6. Be2 e5 7. O-O Nc6 8. d5
Ne7 9. b4 Nh5 10. g3 f5 11. Ng5 Nf6 12. Bf3 h6 13. Ne6 Bxe6 14. dxe6 Qc8 15.
Nd5 Nexd5 16. cxd5 fxe4 17. Be2 c6 18. Bc4 Re8 19. dxc6 Qxc6 20. Qe2 Rec8 21.
Bb3 d5 22. e7 Re8 23. Ba3 Qd6 24. Rad1 Rxe7 25. Rxd5 Nxd5 26. Qxe4 Kh7 27. Bxd5
Qa6 28. Bc1 Rd8 29. Be3 Red7 30. Bb3 Qd3 31. Qxd3 Rxd3 1/2-1/2

[Event "Aut_chT1112"]
[Site "Jenbach"]
[Date "2012.04.19"]
[Round "8"]
[Board "3"]
[White "Koepke, Christian"]
[Black "Blatny, Pavel"]
[Result "0-1"]
[WhiteElo "2398"]
[BlackElo "2396"]
[PlyCount "154"]
[EventDate "2012.01.20"]
[EventType "team"]
[EventRounds "11"]
[EventCountry "AUT"]
[WhiteTeam "SpGem. Kufstein Woergl"]
[BlackTeam "SK Zwettl"]

1. e4 e6 2. d4 d5 3. Nc3 dxe4 4. Nxe4 Be7 5. Nf3 Nd7 6. Bd3 Ngf6 7. Qe2 Nxe4 8.
Bxe4 a6 9. Bd2 Nf6 10. Bd3 b6 11. O-O-O Bb7 12. Kb1 Qd6 13. c3 b5 14. Ne5 Qb6
15. Rhe1 Rf8 16. g4 O-O-O 17. f4 Nd5 18. Ka1 c5 19. dxc5 Bxc5 20. Be4 Qc7 21.
c4 bxc4 22. Nxc4 Nb4 23. Rc1 Bxe4 24. Qxe4 Nd3 25. Ba5 Qb7 26. Bxd8 Qxe4 27.
Nd6+ Kxd8 28. Nxe4 Bd4 29. Red1 Nxc1 30. Rxd4+ Ke7 31. Nc5 Rc8 32. b4 a5 33.
Rd7+ Ke8 34. Rd1 Ne2 35. Nb7 Rc2 36. Kb1 Rc7 37. Rd8+ Ke7 38. Rb8 axb4 39. f5
Nc3+ 40. Kb2 Nd5 41. fxe6 fxe6 42. Na5 Rc3 43. Rxb4 Rh3 44. Rb7+ Kf6 45. Nc6
Rxh2+ 46. Kb3 Rh3+ 47. Kb2 Rg3 48. a4 Rxg4 49. Kb3 Rg3+ 50. Kc4 Rg4+ 51. Kb3
Rg1 52. Kb2 Nc3 53. Rb4 Rb1+ 54. Kxc3 Rc1+ 55. Kd4 Rxc6 56. a5 Ra6 57. Rb5 g5
58. Ke4 h5 59. Rc5 Ra8 60. Rb5 Rc8 61. Rb4 Rc6 62. Kd4 Ra6 63. Rb5 Rd6+ 64. Ke4
Rd1 65. Rb8 Re1+ 66. Kf3 Ra1 67. Rf8+ Ke5 68. Rg8 Ra3+ 69. Kg2 Kf4 70. Rf8+ Kg4
71. Re8 Rxa5 72. Rxe6 Ra2+ 73. Kg1 h4 74. Re5 Kf4 75. Rb5 Re2 76. Ra5 h3 77.
Ra4+ Re4 0-1

[Event "Aut_chT1112"]
[Site "Jenbach"]
[Date "2012.04.19"]
[Round "8"]
[Board "4"]
[White "Schroll, Gerhard"]
[Black "Neuschmied, Siegfried"]
[Result "1-0"]
[WhiteElo "2388"]
[BlackElo "2308"]
[PlyCount "75"]
[EventDate "2012.01.20"]
[EventType "team"]
[EventRounds "11"]
[EventCountry "AUT"]
[WhiteTeam "SK Zwettl"]
[BlackTeam "SpGem. Kufstein Woergl"]

1. e4 d6 2. d4 Nf6 3. Nc3 g6 4. Nf3 Bg7 5. Be3 c6 6. Bd3 Nbd7 7. Qd2 Ng4 8. Bg5
h6 9. Bh4 Qc7 10. O-O-O e5 11. d5 c5 12. Nb5 Qb8 13. c4 a6 14. Nc3 h5 15. h3
Nh6 16. Rdg1 Nf6 17. Qe2 Bd7 18. Nd2 Qc7 19. f3 O-O-O 20. g4 Nhg8 21. Kc2 Kb8
22. a3 hxg4 23. hxg4 Ne7 24. Bg5 Bc8 25. Qe1 Rdg8 26. b4 b6 27. Nb3 Nh7 28. Be3
g5 29. Na4 Bd7 30. Nxb6 Qxb6 31. bxc5 Qb7 32. Na5 Ba4+ 33. Kc1 Qd7 34. Qb4+ Ka8
35. c6 Bxc6 36. Qb6 Bb5 37. cxb5 Rc8+ 38. Kd2 1-0

[Event "Aut_chT1112"]
[Site "Jenbach"]
[Date "2012.04.19"]
[Round "8"]
[Board "5"]
[White "Maurer, Jochen"]
[Black "Pisk, Petr"]
[Result "1/2-1/2"]
[WhiteElo "2276"]
[BlackElo "2385"]
[PlyCount "67"]
[EventDate "2012.01.20"]
[EventType "team"]
[EventRounds "11"]
[EventCountry "AUT"]
[WhiteTeam "SpGem. Kufstein Woergl"]
[BlackTeam "SK Zwettl"]

1. e4 c6 2. c4 d5 3. exd5 cxd5 4. cxd5 Nf6 5. Nc3 g6 6. Bc4 Bg7 7. Nge2 Nbd7 8.
d3 O-O 9. O-O Nb6 10. Qb3 Bg4 11. Ng3 Rc8 12. Be3 Bd7 13. h3 Qc7 14. Bxb6 Qxb6
15. Qxb6 axb6 16. Rfe1 Rfe8 17. a4 Ra8 18. Ra3 Nh5 19. Nxh5 gxh5 20. Re4 Bf5
21. Re2 Bd4 22. Bb5 Red8 23. Bc4 Bc5 24. Ra1 Bg6 25. g4 hxg4 26. hxg4 h5 27. g5
Kg7 28. Kg2 h4 29. Ne4 Bb4 30. b3 b5 31. Bxb5 Rxd5 32. Bc4 Rf5 33. Bb5 Rd5 34.
Rh1 1/2-1/2

[Event "Aut_chT1112"]
[Site "Jenbach"]
[Date "2012.04.19"]
[Round "8"]
[Board "6"]
[White "Buchnicek, Petr"]
[Black "Pitschka, Claus"]
[Result "1-0"]
[WhiteElo "2330"]
[BlackElo "2242"]
[PlyCount "117"]
[EventDate "2012.01.20"]
[EventType "team"]
[EventRounds "11"]
[EventCountry "AUT"]
[WhiteTeam "SK Zwettl"]
[BlackTeam "SpGem. Kufstein Woergl"]

1. e4 Nf6 2. Nc3 e5 3. Bc4 Bc5 4. d3 d6 5. Bg5 h6 6. Bh4 Be6 7. Nge2 Nbd7 8.
Bxe6 fxe6 9. d4 exd4 10. Nxd4 Qe7 11. f4 O-O-O 12. Qd3 g5 13. fxg5 Ne5 14. Qd2
Nh7 15. O-O-O hxg5 16. Bg3 g4 17. Na4 Bxd4 18. Qxd4 Nc6 19. Qe3 Qg5 20. Bf4 Qa5
21. Qb3 Rde8 22. Nc3 Qb4 23. Qxb4 Nxb4 24. Rhf1 Nf8 25. Bg3 Nd7 26. Rf4 Ne5 27.
Rdf1 Nbc6 28. b3 Kd7 29. Kd2 Ke7 30. R1f2 Ref8 31. Rxf8 Rxf8 32. Bh4+ Ke8 33.
Rxf8+ Kxf8 34. Nb5 Ng6 35. Bg5 Ke8 36. Nxc7+ Kd7 37. Nb5 a6 38. Nc3 b5 39. a4
b4 40. Nd1 Nce5 41. c3 bxc3+ 42. Kxc3 d5 43. exd5 exd5 44. Ne3 Ke6 45. Bh6 Ne7
46. Bg7 N7c6 47. Bxe5 Nxe5 48. Kd4 Nc6+ 49. Kc5 Na5 50. Nxg4 Nxb3+ 51. Kb4 Nd2
52. Ka5 d4 53. Kxa6 Nc4 54. Nf2 Nb2 55. a5 d3 56. Kb5 Kd7 57. Ne4 Kc7 58. h4
Nd1 59. h5 1-0

[Event "Aut_chT1112"]
[Site "Jenbach"]
[Date "2012.04.20"]
[Round "9"]
[Board "1"]
[White "Polak, Tomas"]
[Black "Rapport, Richard"]
[Result "1-0"]
[WhiteElo "2535"]
[BlackElo "2559"]
[PlyCount "141"]
[EventDate "2012.01.20"]
[EventType "team"]
[EventRounds "11"]
[EventCountry "AUT"]
[WhiteTeam "SK Zwettl"]
[BlackTeam "SK Sparkasse Fuerstenfeld"]

1. d4 Nf6 2. c4 g6 3. Nc3 Bg7 4. e4 d6 5. Nf3 O-O 6. Be2 e5 7. O-O Na6 8. Re1
Qe8 9. Bf1 Bg4 10. d5 Nb4 11. Be2 a5 12. Be3 Nh5 13. h3 Bd7 14. Nh2 Nf4 15. Bf1
Na6 16. h4 Kh8 17. g3 Nh5 18. Be2 Nf6 19. Kg2 Qe7 20. Bg5 h6 21. Be3 Nc5 22.
Bf3 b6 23. Qd2 Ng8 24. h5 f5 25. Bxc5 bxc5 26. hxg6 f4 27. g4 a4 28. Rh1 Rab8
29. Rac1 Rb4 30. Qe2 Rfb8 31. Rc2 Qg5 32. Kf1 Ne7 33. Ke1 Nxg6 34. Kd1 Nh4 35.
a3 Rb3 36. Rg1 h5 37. Kc1 Bh6 38. Qd1 Rg8 39. Kb1 hxg4 40. Bxg4 f3 41. Rg3 Bxg4
42. Nxg4 Rbb8 43. Nxa4 Qf4 44. Nxh6 Qxh6 45. Rxg8+ Rxg8 46. Nc3 Kg7 47. Nb5 Qf4
48. Qd3 Kf6 49. Nxc7 Rg1+ 50. Ka2 Re1 51. a4 Rxe4 52. a5 Rd4 53. Qb3 Rd1 54.
Rc3 Rf1 55. a6 Qe4 56. a7 Qb1+ 57. Ka3 Qh7 58. Ne8+ Kg5 59. a8=Q Ra1+ 60. Qa2
Qb1 61. Qd8+ Kg4 62. Nf6+ Kf4 63. Nh5+ Kg4 64. Nf6+ Kf4 65. Qxa1 Qxa1+ 66. Kb3
Nf5 67. Nh5+ Kg4 68. Nf6+ Kf4 69. Rd3 e4 70. Qg8 exd3 71. Qg4+ 1-0

[Event "Aut_chT1112"]
[Site "Jenbach"]
[Date "2012.04.20"]
[Round "9"]
[Board "2"]
[White "Hera, Imre"]
[Black "Likavsky, Tomas"]
[Result "1-0"]
[WhiteElo "2555"]
[BlackElo "2486"]
[PlyCount "79"]
[EventDate "2012.01.20"]
[EventType "team"]
[EventRounds "11"]
[EventCountry "AUT"]
[WhiteTeam "SK Sparkasse Fuerstenfeld"]
[BlackTeam "SK Zwettl"]

1. d4 Nf6 2. c4 e6 3. Nc3 d5 4. cxd5 exd5 5. Bg5 Be7 6. e3 O-O 7. Bd3 Nbd7 8.
Nf3 c6 9. Qc2 Re8 10. h3 Ne4 11. Bf4 Ndf6 12. O-O Bf5 13. Ne5 Nxc3 14. Bxf5
Nce4 15. f3 Nd6 16. Bd3 Qb6 17. g4 Rac8 18. g5 Nh5 19. Bxh7+ Kh8 20. g6 Nxf4
21. gxf7 Rf8 22. exf4 Qxd4+ 23. Kh1 Nxf7 24. Ng6+ Kxh7 25. Nxf8+ Kg8 26. Ne6
Qf6 27. Rae1 Re8 28. Qg2 Kh8 29. Rg1 Bb4 30. Re2 Nh6 31. Nxg7 Rg8 32. Re8 Bf8
33. Re6 Qxf4 34. Nh5 Qf7 35. Rg6 Rxg6 36. Qxg6 Qxf3+ 37. Kh2 d4 38. Qe8 d3 39.
Qe5+ Kh7 40. Rg7+ 1-0

[Event "Aut_chT1112"]
[Site "Jenbach"]
[Date "2012.04.20"]
[Round "9"]
[Board "3"]
[White "Blatny, Pavel"]
[Black "Pinter, Jozsef"]
[Result "1-0"]
[WhiteElo "2396"]
[BlackElo "2548"]
[PlyCount "133"]
[EventDate "2012.01.20"]
[EventType "team"]
[EventRounds "11"]
[EventCountry "AUT"]
[WhiteTeam "SK Zwettl"]
[BlackTeam "SK Sparkasse Fuerstenfeld"]

1. d4 Nf6 2. Nf3 d5 3. Bf4 c5 4. c3 Nc6 5. e3 Qb6 6. Qb3 c4 7. Qc2 Bf5 8. Qc1
e6 9. Nbd2 Qd8 10. Nh4 Be4 11. Bg5 Be7 12. Nxe4 Nxe4 13. Bxe7 Qxe7 14. Nf3 O-O
15. Nd2 Nd6 16. Be2 b5 17. b4 a5 18. a3 Ra6 19. O-O Rfa8 20. Rb1 axb4 21. axb4
Ra3 22. Rb2 Qa7 23. Nb1 Ra2 24. Rxa2 Qxa2 25. Bd1 Ne7 26. f3 Qa7 27. Rf2 Qb7
28. Re2 Ra1 29. Kf2 Ng6 30. Bc2 Qe7 31. g3 Qa7 32. h4 Nf8 33. g4 Qe7 34. Qh1
Nd7 35. h5 h6 36. Kg3 Nf6 37. Kh3 e5 38. dxe5 Qxe5 39. Qh2 Qe6 40. Kg2 Nd7 41.
Qf4 Qf6 42. Qxf6 Nxf6 43. Rd2 Ra6 44. Kf2 Kf8 45. Ke2 Ke7 46. Kd1 Nde8 47. Re2
Nc7 48. Kc1 Ne6 49. Kb2 Nd7 50. Rd2 Rd6 51. Na3 Nc7 52. Bd1 Ne5 53. Be2 Nd7 54.
Nc2 Ne6 55. Ne1 g6 56. hxg6 fxg6 57. Bd1 Ng5 58. Rh2 Nf7 59. Nc2 Nde5 60. Nd4
Rb6 61. Be2 Nc6 62. Nc2 Ncd8 63. Rh1 Nc6 64. f4 Ke8 65. Bf3 Ne7 66. Nd4 Nd8 67.
Rxh6 1-0